| 000 | 01385cam a2200385 i 4500 | ||
|---|---|---|---|
| 999 |
_c534260 _d534260 |
||
| 001 | 17470602 | ||
| 003 | NUST | ||
| 005 | 20200210163213.0 | ||
| 008 | 120921t20142014maua 001 0 eng | ||
| 010 | _a 2012029915 | ||
| 020 | _a9781449685348 (casebound) | ||
| 020 | _a144968534X (casebound) | ||
| 038 | _aSNS Library Staff | ||
| 040 |
_aDLC _beng _cDLC _erda _dDLC |
||
| 042 | _apcc | ||
| 050 | 0 | 0 |
_aQA276.12 _b.A39824 2014 |
| 082 | 0 | 0 |
_a519.5 _223 |
| 100 | 1 |
_aAlbright, Brian, _d1977- _910989 |
|
| 245 | 1 | 0 |
_aEssentials of Mathematical Statistics _cBrian Albright, DSc, Concordia University, Nebraska. |
| 260 |
_aUK _bJones & Bartlett Learning _c2015 |
||
| 264 | 1 |
_aBurlington, MA : _bJones & Bartlett Learning, _c[2014] |
|
| 264 | 4 | _c©2014 | |
| 300 |
_axii, 594 pages : _billustrations ; _c24 cm |
||
| 336 |
_atext _2rdacontent |
||
| 337 |
_aunmediated _2rdamedia |
||
| 338 |
_avolume _2rdacarrier |
||
| 440 |
_aEssentials of Mathematical Statistics _928426 |
||
| 490 | 0 | _aThe Jones & Bartlett learning series in mathematics | |
| 500 | _aIncludes index. | ||
| 650 | 0 |
_aMathematical statistics _vTextbooks. _9113 |
|
| 700 |
_aBrian Albright, DSc, Concordia University, Nebraska _928427 |
||
| 906 |
_a7 _bcbc _corignew _d1 _eecip _f20 _gy-gencatlg |
||
| 942 |
_2ddc _cBK |
||